000 01669nam a22003137a 4500
005 2009073101321.0
008 090731t xxu||||| |||| 00| 0 hin d
010 _aHIN-87563
020 _a819038743x
_c200.00
035 _aHN-59909
037 _bDBAD / PUB
040 _adpl
_bhn
082 _a181.499
100 _aराधाकृष्णन्
245 _aभारत की अन्तर्रात्मा /
_cराधाकृष्णन्; विश्वम्भरनाथ त्रिपाठी द्वारा अनुदित
246 _aBhaarata kii antaraatmaa
_bby Radhakrishnan
260 _aदिल्ली
_bशब्द शिल्पी
_c2009
270 _aई-54, प्रथम तल, मानसरोवर पार्क , शाहदरा
_bदिल्ली
_e110032
300 _a120पृ.
_c22सेमी (सजिल्द)
600 _aराधाकृष्णन्, एस. (सर्वपल्ली), 1888-1975.
600 _aRadhakrishnan, S. (Sarvepalli), 1888-1975.
650 _aराष्ट्रपति
_xजीवनी
_zभारत
650 _aPresidents
_xBiography.
_zIndia
650 _aदार्शनिक
_xजीवनी
_zभारत
650 _a Philosophers
_xBiography.
_zIndia
700 _aत्रिपाठी, विश्वम्भरनाथ
942 _2ddc
_cHN
_mराधाकृ
_h181.499
999 _c28794
_d28794